[Event "Mittelfranken-chTB2a 1920"]
[Site "Mittelfranken"]
[Date "2020.03.22"]
[Round "8.7"]
[White "Ammon, Marco"]
[Black "Dyroff, Roland"]
[Result "1/2-1/2"]
[WhiteElo "1542"]
[BlackElo "1805"]
[PlyCount "77"]
[EventDate "2019.10.13"]
[EventType "team-tourn"]
[EventRounds "9"]
[EventCountry "GER"]
[SourceTitle "EXT 2023"]
[Source "ChessBase"]
[SourceDate "2022.10.05"]
[SourceVersion "1"]
[SourceVersionDate "2022.10.05"]
[SourceQuality "1"]
[WhiteTeam "Cadolzburg"]
[BlackTeam "Nuernberg Sued SW IV"]
[WhiteTeamCountry "GER"]
[BlackTeamCountry "GER"]

1. e4 c5 2. Nf3 e6 3. d4 cxd4 4. Nxd4 Nf6 5. Bd3 Nc6 6. Nxc6 bxc6 7. 0-0 Qc7 8. Nc3 h5 9. Ne2 Bd6 10. g3 h4 11. Bf4 hxg3 12. fxg3 Qb6+ 13. Kg2 Ng4 14. h3 Bxf4 15. hxg4 Be5 16. Rb1 Ba6 17. b3 Bb7 18. Nf4 c5 19. Rh1 0-0-0 20. c4 Rxh1 21. Qxh1 Qd6 22. Qf1 Bxf4 23. gxf4 g5 24. fxg5 Rh8 25. Qf3 Qh2+ 26. Kf1 Rh3 27. Qe2 Qh1+ 28. Kf2 Qh2+ 29. Ke1 Qf4 30. Qf1 Qe3+ 31. Be2 Qxe4 32. Qxh3 Qxb1+ 33. Kf2 Qxa2 34. Qh8+ Kc7 35. Qe5+ Kb6 36. Qd6+ Bc6 37. Qb8+ Bb7 38. Qd6+ Bc6 39. Qb8+ 1/2-1/2